000 00447nam a2200181Ia 4500
008 090124s9999 xx 000 0 und d
082 _b126824
100 _aशेटे शिवाजी
245 _a सावज
250 _a1
260 _c1995
300 _a128
600 _aशेटे शिवाजी
630 _a सावज
700 _aशेटे शिवाजी
730 _a सावज
942 _cBOOK
999 _c172913
_d172913